Modern intermediate algebra / (Record no. 182080)
[ view plain ]
| 000 -LEADER | |
|---|---|
| fixed length control field | 01386 a2200217 4500 |
| 003 - CONTROL NUMBER IDENTIFIER | |
| control field | NUST |
| 005 - DATE AND TIME OF LATEST TRANSACTION | |
| control field | 20221110121906.0 |
| 010 ## - LIBRARY OF CONGRESS CONTROL NUMBER | |
| LC control number | 77160679 |
| 020 ## - INTERNATIONAL STANDARD BOOK NUMBER | |
| International Standard Book Number | 0700223525 |
| 040 ## - CATALOGING SOURCE | |
| Transcribing agency | Nust |
| 082 00 - DEWEY DECIMAL CLASSIFICATION NUMBER | |
| Classification number | 512.1,SEL |
| 100 1# - MAIN ENTRY--PERSONAL NAME | |
| Personal name | Selby, Samuel M., |
| 9 (RLIN) | 102506 |
| 245 10 - TITLE STATEMENT | |
| Title | Modern intermediate algebra / |
| Statement of responsibility, etc. | Samuel M. Selby, William H. Beyer. |
| 260 ## - PUBLICATION, DISTRIBUTION, ETC. | |
| Place of publication, distribution, etc. | Scranton, |
| Name of publisher, distributor, etc. | Intext Educational Publishers |
| Date of publication, distribution, etc. | [1971] |
| 300 ## - PHYSICAL DESCRIPTION | |
| Extent | xvii, 445 p.: |
| Dimensions | 25 cm. |
| 440 #4 - SERIES STATEMENT/ADDED ENTRY--TITLE | |
| Title | The Intext series in basic mathematics |
| 9 (RLIN) | 102507 |
| 505 ## - FORMATTED CONTENTS NOTE | |
| Formatted contents note | Introduction (Page-1), Algebra as a Language and a tool (Page-17), Type Products and Factoring (Page-39), Fractions (Page-51), Linear Equations in one Unknown (Page-73), Functions, Relations and Their Graphs (Page-107), Simultaneous Linear Equations (Page-130), Matrix Algebra Determinants and Systems of Equations (Page-148), Exponents and Radicals (Page-183), The Number System (Page-210), Quadratic Equations (Page-222), Special Equations in one Unknown (Page-247), Simultaneous Equations (Page-266), Absolute Values and Inequalities (Page-282), Ratios, Proportions, and Variations (Page-313), Progressions (Page-326), Introduction to Logic (Page-347), Mathematical Induction the Binomial Theorem (Page-356), Logarithmic and Exponential Functions (Page-374). |
| 650 #0 - SUBJECT ADDED ENTRY--TOPICAL TERM | |
| Topical term or geographic name entry element | Algebra. |
| 9 (RLIN) | 8509 |
| 700 1# - ADDED ENTRY--PERSONAL NAME | |
| Personal name | Beyer, William H., |
| 9 (RLIN) | 102508 |
| 942 ## - ADDED ENTRY ELEMENTS (KOHA) | |
| Source of classification or shelving scheme | |
| Koha item type | Book |
| Call number prefix | 512.1,SEL |
| Withdrawn status | Lost status | Source of classification or shelving scheme | Damaged status | Not for loan | Permanent Location | Current Location | Shelving location | Date acquired | Full call number | Barcode | Date last seen | Price effective from | Koha item type | Public note |
|---|---|---|---|---|---|---|---|---|---|---|---|---|---|---|
| Military College of Signals (MCS) | Military College of Signals (MCS) | General Stacks | 12/12/2016 | 512.1,SEL | MCS7675 | 12/08/2016 | 12/12/2016 | Book | Almirah No.11, Shelf No.1 |
